Investment criteria in relation to agricultural development in India (Record no. 362067)

000 -LEADER
fixed length control field 00414cam a22001337a 4500
008 - FIXED-LENGTH DATA ELEMENTS--GENERAL INFORMATION
fixed length control field 180718b1967 xxu||||| |||| 00| 0 eng d
082 ## - DEWEY DECIMAL CLASSIFICATION NUMBER
Classification number T471x54 C349
100 ## - MAIN ENTRY--PERSONAL NAME
Personal name Chakravarti, Ila
245 ## - TITLE STATEMENT
Title Investment criteria in relation to agricultural development in India
Statement of responsibility, etc. by Ila Chakravarti
260 ## - PUBLICATION, DISTRIBUTION, ETC.
Place of publication, distribution, etc. Bhagalpur
Name of publisher, distributor, etc. The Author
Date of publication, distribution, etc. 1967
300 ## - PHYSICAL DESCRIPTION
Extent 196p.
650 ## - SUBJECT ADDED ENTRY--TOPICAL TERM
Topical term or geographic name entry element Agriculture - India
650 ## - SUBJECT ADDED ENTRY--TOPICAL TERM
Topical term or geographic name entry element Investments - India
Holdings
Withdrawn status Lost status Damaged status Not for loan Permanent Location Current Location Date acquired Full call number Barcode Date last seen Price effective from Koha item type
        Indian Institute of Public Administration Indian Institute of Public Administration 1994-03-21 T471x54 C349 42598 2018-07-21 2018-07-21 Book

Powered by Koha